LEADER 01482nam a2200313 u 4500 001 000000041112 003 CaOOAMICUS 005 20070226114158.0 008 981013s1985 sp u000 u spa u 020 $a8431309083 035 $a10805460 040 $aIPA$bita 111 2 $aSimposio internacional de Teología$n(6 :$d1984 :$cPamplona).$0(OLS)http://pul/name/30290 245 10$aDios y el hombre :$bVI Simposio Internacional de Teología de la Universidad de Navarra /$cedición dirigida por Antonio Aranda ... [et al.]. 260 $aPamplona :$bEdiciones Universidad de Navarra,$c1985. 300 $a816 p. ;$c25 cm 490 1 $aColección teológica ;$v43 500 $aComprende indice. 650 4$aTeologia$xCongressi.$0(OLS)http://pul/subject/7855 700 1 $aAranda, Antonio.$0(OLS)http://pul/name/30291 710 2 $aUniversidad de Navarra.$bFacultad de Teología.$0(OLS)http://pul/name/23554 830 0$aColección teológica ;$v43.$0(OLS)http://pul/title/11500 850 $aPUL 852 $aPUL$W1$xSL Religione 1$y3$m67 B 92$j55744$nBK-PRI$b $qStampati$B55744$CPULBib$Z2$F55744 $H $81 941 1 $a8 961 $aINV: 54578 996 $6020$a8431309083$9(OLS)http://pul/number/51165 996 $6245$aDios y el hombre :$bVI Simposio Internacional de Teología de la Universidad de Navarra$9(OLS)http://pul/title/55471 996 $6260$aPamplona :$bEdiciones Universidad de Navarra$9(OLS)http://pul/publisher/48150 LEADER 01532nam a2200325 a 4500 001 000000123100 003 CaOOAMICUS 005 20100927144336.0 008 100927t2007 pl afh u000 u pol r 020 $z9788373635975* 040 $aPUL$bita 082 04$a230 245 00$aScio cui credidi :$bksiega pamiatkowa ku czci Ksiedza Profesora Mariana Ruseckiego w 65. rocznice urodzin / $cred. Ireneusz Slawomir Ledwo? ... [et al.]. 260 $aLublin :$bWydawnictwo KUL,$c2007. 300 $aXII, 1325 p., [20] c. di tav. :$bill., facsim. ;$c25 cm 500 $a"Publikacje Ksiedza Profesora Mariana Ruseckiego"--p. [9]--35. 504 $aBibliografia in nota. 546 $aaArticoli in inglese, francese, italiano, spagnolo, tedesco. 650 4$aApologetica.$0(OLS)http://pul/subject/414 650 4$aTeologia.$0(OLS)http://pul/subject/118 700 1 $aRusecki, Marian.$0(OLS)http://pul/name/52635 700 1 $aLedwon, Ireneusz Slawomir.$0(OLS)http://pul/name/77418 850 $aPUL 852 $aPUL$W1$xSL Religione 3$y85$m230 LEDIR 1$j141465$qDDC 21$B140500$CPULBib$Z2$F140500 $H106135 $82 941 1 $a9 996 $6020$z9788373635975*$9(OLS)http://pul/number/145452 996 $6082$a230$9(OLS)http://pul/classification/368 996 $6245$aScio cui credidi :$bksiega pamiatkowa ku czci Ksiedza Profesora Mariana Ruseckiego w 65. rocznice urodzin / $9(OLS)http://pul/title/155147 996 $6260$aLublin :$bWydawnictwo KUL$9(OLS)http://pul/publisher/81408